Prueba de Santa Lucía - Estadísticas

Estadísticas generales
  • Esta prueba ha sido intentada 900 veces
  • La puntuación promedio es 10 de 15
Estadísticas de respuestas
Pista Respuesta % Correcto
Santa Lucía toca este mar Mar Caribe
98%
País del que Santa Lucía obtuvo su independencia en 1979 Reino Unido
88%
... que es parte de este grupo más grande {Antillas} Menores
81%
Moneda compartida con otros siete países y territorios Dólar del Caribe Oriental
79%
País al sur de Santa Lucía San Vicente y las Granadinas
79%
Isla francesa, empezando con M, que está al norte de Santa Lucía Martinica
78%
Santa Lucía es el único país que lleva el nombre de una ... Mujer
77%
Capital Castries
64%
La fruta, que constituye el 22% de las exportaciones Plátano
63%
El deporte más popular Críquet
61%
En términos per cápita, Santa Lucía tiene el mayor número de laureados de este premio Premio Nobel
59%
Nombre que los primeros habitantes arahuacos dieron a Santa Lucía (pista: un reptil) Tierra de las {iguanas}
45%
Santa Lucía es el único país de las Américas que se opuso a una declaración de derechos de las Naciones Unidas para estas personas en 2008. LGBT
42%
El pájaro nacional es una especie de ___ que sólo se puede encontrar en Santa Lucía Loro
41%
El grupo de islas del que Santa Lucía forma parte Islas de {Barlovento}
22%
No se encontraron pruebas coincidentes
Distribución de puntuación
Porcentaje de gente con cada puntuación
Porcentaje por número respondido
Historial de tus puntuaciones
No has intentado esta prueba.